000
00309nam a2200109Ia 4500
008
201231s9999 xx 000 0 und d
100
_a
Foundez, Julio (Ed.)
245
0
_a
Good Government and Law : legal and Industrial Reform in Developing Countries
260
_a
london
_b
McMillan
300
_a
286
942
_c
BK
999
_c
9533
_d
9533